Barabba : romanzo /

保存先:
書誌詳細
第一著者: Lagerkvist, Pär (著者)
フォーマット: 図書
言語:イタリア語
出版事項: Milano : Jaca book, 1985
シリーズ:Jaca letteraria ; 26
タグ: タグ追加
タグなし, このレコードへの初めてのタグを付けませんか!

MARC

LEADER 00000nam a22000007i 4500
001 IT\ICCU\CFI\0092711
003 ItRI
005 20240302232754.0
008 890524s1985 it |||||| ||||| |||||c
020 |a 8816500263 
040 |b ita  |c C 
041 7 |a ita  |2 ISO-639-2 
082 |a 839.7  |2 11 
100 1 |a Lagerkvist, Pär  |0 IT\ICCU\CFIV\059494  |4 aut 
240 1 0 |a Barabbas  |9 Lagerkvist, Pär 
245 1 0 |a Barabba :  |b romanzo /  |c Pär Fabian Lagerkvist ; con una prefazione di Alessandro Ceni. 
260 |a Milano :  |b Jaca book,  |c 1985 
300 |a 163 p. ;  |c 21 cm 
500 |a Trad. di Giacomo Oreglia, Carlo Picchio. \\I 
830 0 |a Jaca letteraria ;  |v 26  |0 IT\ICCU\CFI\0000421 
942 |2 ddc  |c BK 
952 |0 0  |1 0  |2 ddc  |4 0  |6 839_700000000000000_LAG_BAR  |7 1  |9 325  |a GE  |b GE  |d 2023-11-23  |l 0  |o 839.7 LAG BAR  |p 4381  |r 2023-11-23 10:53:43  |w 2023-11-23  |y BK 
981 1 |6 z01  |a i   |b xxxe  
982 1 |6 z01  |a n 
999 |c 766  |d 766